000 01071nam a2200253 i 4500
005 20250508141206.0
008 250508s2017 my bao gr 00| 0bmay d
020 _a9789671284124
_cRM10.00 Denda
_qpaperback
040 _aPPAK
_beng
_cPPAK
_erda
082 0 4 _223
_a956.1015
090 0 0 _a956.1015
_bWAN
_dG
100 0 _aWan Kamarul Arifin Wan Ahmad,
_eauthor.
245 1 0 _aPeperangan Terakhir UTHMANIYAH :
_bRUNTUHNYA SEBUAH INSTITUSI & TINGGALANNYA DI ALAM MELAYU /
_cWAN KAMARUL ARIFIN WAN AHMAD ; Editor: Saodah bt Haji Lasim
264 1 _aDungun, Terengganu :
_bCETUSAN IDEA PUBLICATIONS,
_c[2017?]
300 _avii, 383 pages :
_bcolour maps, colour illustrations, colour photographs ;
_c23 cm
336 _atext
_2rdacontent
337 _aunmediated
_2rdamedia
338 _avolume
_2rdacarrier
504 _aBibliography: pages 377-383
651 0 _aTurkey
_xHistory
_yOttoman Empire, 1288-1918
651 0 _aTurkey
_xCivilization
_yOttoman Empire, 1288-1918
700 0 _aSaodah bt Haji Lasim,
_eeditor.
942 _2ddc
_cB
999 _c199568
_d199568